| 000 | 00395pab a2200157 454500 | ||
|---|---|---|---|
| 008 | 180718b2006 xxu||||| |||| 00| 0 eng d | ||
| 100 | _aDatta, Karubaki | ||
| 245 | _aHeritage of Tibetan culture among the people of Darjeeling hills | ||
| 260 | _c2006 | ||
| 300 | _ap.160-72. | ||
| 362 | _aJun | ||
| 650 | _aCulture - Tibet | ||
| 650 | _aCulture | ||
| 773 | _aSocial Change | ||
| 909 | _a71246 | ||
| 999 |
_c71246 _d71246 |
||